Automation of the science laboratories of Southville International School and Colleges through the implementation of an inventory system. (Record no. 298009)
[ view plain ]
| 000 -LEADER | |
|---|---|
| fixed length control field | 00472nam a2200097Ia 4500 |
| 008 - FIXED-LENGTH DATA ELEMENTS--GENERAL INFORMATION | |
| fixed length control field | 160725s9999 xx 000 0 und d |
| 100 ## - MAIN ENTRY--PERSONAL NAME | |
| Personal name | Diñoso, Rommel B., Mendoza, Armando C., Jr. & Mendoza, Rodel C. |
| 245 ## - TITLE STATEMENT | |
| Title | Automation of the science laboratories of Southville International School and Colleges through the implementation of an inventory system. |
| 260 ## - PUBLICATION, DISTRIBUTION, ETC. (IMPRINT) | |
| Name of publisher, distributor, etc | Kaizen Research Journal College of Information Technology |
| Date of publication, distribution, etc | January 2014 |
| 650 ## - SUBJECT ADDED ENTRY--TOPICAL TERM | |
| Topical term or geographic name as entry element | INFORMATION TECHNOLOGY |
No items available.